[Event "Chessemy Open 2022"]
[Site "Reinstorf"]
[Date "2022.01.31"]
[Round "3.37"]
[White "Anderberg, Peter"]
[Black "Launert, Martin"]
[Result "1/2-1/2"]
[WhiteElo "2003"]
[BlackElo "1790"]
[Annotator "ChessBase"]
[PlyCount "107"]
[EventDate "2022.01.29"]
[EventType "swiss"]
[EventCountry "GER"]
[SourceTitle "playchess.com"]
[Source "ChessBase"]
[SourceQuality "1"]

1. d4 d5 2. Nf3 Nf6 3. c4 e6 4. Nc3 Nbd7 5. Bg5 Be7 6. e3 c6 7. Bd3 h6 8. Bh4 O-O 9. O-O dxc4 10. Bxc4 c5 11. Rc1 b6 12. Qe2 Nh5 13. Bxe7 Qxe7 14. Ne5 Nhf6 15. Qf3 Nxe5 16. dxe5 Nd5 17. Nxd5 exd5 18. Bxd5 Rb8 19. Rfd1 Qxe5 20. Qg3 Qxg3 21. hxg3 Bb7 22. Bxb7 Rxb7 23. Rd6 Re8 24. Kf1 Kf8 25. Ke2 Rbe7 26. Kd3 Re6 27. Rd7 R6e7 28. Rd6 Re6 29. Rxe6 Rxe6 30. Kc4 a6 31. Rd1 Ke7 32. Rd5 Re4+ 33. Kc3 Ra4 34. a3 Re4 35. b3 Re6 36. a4 Rc6 37. Kc4 Rc7 38. e4 Rc6 39. f3 Rc7 40. Re5+ Kd7 41. g4 Kd6 42. Re8 Rb7 43. Ra8 b5+ 44. Kc3 Rb6 45. axb5 axb5 46. Rg8 g5 47. Rf8 Ke7 48. Rc8 Kd6 49. g3 Ra6 50. Rh8 Kd7 51. e5 Re6 52. f4 gxf4 53. gxf4 Rg6 54. f5 1/2-1/2

[Event "Chessemy Open 2022"]
[Site "Reinstorf"]
[Date "2022.01.31"]
[Round "3.38"]
[White "Semling, Johannes"]
[Black "Ponomarev, Maximilian"]
[Result "1-0"]
[WhiteElo "1765"]
[BlackElo "2003"]
[Annotator "NA"]
[PlyCount "137"]
[EventDate "2022.01.29"]
[EventType "swiss"]
[EventCountry "GER"]
[SourceTitle "playchess.com"]
[Source "ChessBase"]
[SourceQuality "1"]

1. Nf3 c5 2. g3 Nc6 3. Bg2 g6 4. c4 Bg7 5. Nc3 e6 6. e4 Nge7 7. O-O O-O 8. d3 d5 9. Qb3 dxc4 10. dxc4 a6 11. Rd1 Qc7 12. Be3 b6 13. Ne2 Bb7 14. Nf4 Rfd8 15. h4 Na5 16. Qc2 Nec6 17. a3 Nd4 18. Bxd4 cxd4 19. Rac1 e5 20. Nd5 Qd6 21. b4 Bxd5 22. cxd5 Nb7 23. Qc6 Rab8 24. Bh3 a5 25. Qxd6 Nxd6 26. Nd2 Bh6 27. f3 Nb5 28. f4 exf4 29. Nf3 fxg3 30. Rc6 Nc3 31. Re1 Be3+ 32. Rxe3 dxe3 33. Rxc3 Re8 34. d6 axb4 35. axb4 Rbd8 36. d7 Rxd7 37. Bxd7 Rxe4 38. b5 e2 39. Rc1 Re3 40. Kg2 Rd3 41. Bc6 Rd1 42. Rc2 e1=Q 43. Nxe1 Rxe1 44. Kxg3 Re5 45. Rd2 h5 46. Rd8+ Kg7 47. Rb8 Re3+ 48. Bf3 Re6 49. Rb7 Rd6 50. Bc6 Rd3+ 51. Kf4 Rd4+ 52. Ke5 Rxh4 53. Bd5 Rb4 54. Rxf7+ Kh6 55. Bc6 Rb1 56. Rb7 h4 57. Kf4 g5+ 58. Kg4 Rb4+ 59. Kh3 Rb3+ 60. Kg4 Rb4+ 61. Kf5 h3 62. Rxb6 Rf4+ 63. Ke5 h2 64. Be4+ Kg7 65. Rg6+ Kf7 66. Rh6 Rf2 67. b6 Rb2 68. b7 g4 69. Rh8 1-0

[Event "Chessemy Open 2022"]
[Site "Reinstorf"]
[Date "2022.01.31"]
[Round "3.40"]
[White "Linnemann, Caspar"]
[Black "Bischoff, Ulrich"]
[Result "0-1"]
[WhiteElo "1754"]
[BlackElo "1994"]
[Annotator "ChessBase"]
[PlyCount "106"]
[EventDate "2022.01.29"]
[EventType "swiss"]
[EventCountry "GER"]
[SourceTitle "playchess.com"]
[Source "ChessBase"]
[SourceQuality "1"]

1. e4 Nf6 2. e5 Nd5 3. d4 d6 4. c4 Nb6 5. exd6 exd6 6. Nc3 Be7 7. h3 O-O 8. Nf3 Re8 9. Be2 Bf6 10. O-O Be6 11. b3 d5 12. c5 N6d7 13. Qc2 Nc6 14. Be3 Nf8 15. Rac1 Ng6 16. Qd2 a6 17. Rfe1 h6 18. Na4 Qd7 19. Nb2 Rad8 20. b4 Bf5 21. a4 Be4 22. Nd1 a5 23. b5 Nb4 24. Nb2 Qf5 25. Rc3 b6 26. c6 Qe6 27. Bd1 Re7 28. Be2 Rde8 29. Bd1 Qd6 30. Kh1 Kh8 31. Kg1 Kh7 32. Kh1 Kg8 33. Kg1 Re6 34. Kh1 Qe7 35. Kg1 Na2 36. Rb3 Nb4 37. Rc3 Qd6 38. Kh1 Qd8 39. Kg1 Qe7 40. Kh1 Qf8 41. Kg1 Be7 42. Rb3 Bd6 43. Kh1 Qe7 44. Kg1 Qf6 45. Rf1 Nf4 46. Ne1 h5 47. f3 Bh7 48. Kh1 h4 49. Bf2 Nh5 50. Nbd3 Ng3+ 51. Bxg3 Bxg3 52. Kg1 Qxd4+ 53. Kh1 Rxe1 0-1

[Event "Chessemy Open 2022"]
[Site "Reinstorf"]
[Date "2022.01.31"]
[Round "3.41"]
[White "Acarbay, Algi"]
[Black "Cordsen, Heinrich"]
[Result "1/2-1/2"]
[WhiteElo "1992"]
[BlackElo "1685"]
[Annotator "ChessBase"]
[PlyCount "50"]
[EventDate "2022.01.29"]
[EventType "swiss"]
[EventCountry "GER"]
[SourceTitle "playchess.com"]
[Source "ChessBase"]
[SourceQuality "1"]

1. e4 e6 2. d4 d5 3. e5 c5 4. c3 Nc6 5. Nf3 Qb6 6. a3 Nge7 7. b4 cxd4 8. cxd4 Nf5 9. Be3 Bd7 10. Be2 Be7 11. O-O f6 12. Qd3 Nxe3 13. fxe3 fxe5 14. Nxe5 Nxe5 15. dxe5 Bg5 16. Bh5+ Kd8 17. Re1 Bb5 18. Qd2 Rf8 19. Nc3 Rf1+ 20. Rxf1 Bxe3+ 21. Kh1 Bxd2 22. Nxb5 Qxb5 23. Rf8+ Kd7 24. Rxa8 g6 25. Bg4 Bc3 1/2-1/2

[Event "Chessemy Open 2022"]
[Site "Reinstorf"]
[Date "2022.01.31"]
[Round "3.42"]
[White "Werther, Jens"]
[Black "De Vries, Leonard"]
[Result "0-1"]
[WhiteElo "1699"]
[BlackElo "1988"]
[Annotator "ChessBase"]
[PlyCount "84"]
[EventDate "2022.01.29"]
[EventType "swiss"]
[EventCountry "GER"]
[SourceTitle "playchess.com"]
[Source "ChessBase"]
[SourceQuality "1"]

1. d4 Nf6 2. Nf3 g6 3. e3 Bg7 4. Be2 b6 5. O-O Bb7 6. Nbd2 O-O 7. b4 Nd5 8. Bb2 Nxb4 9. c4 c5 10. Qb3 N4a6 11. d5 d6 12. Bxg7 Kxg7 13. Qc3+ Kg8 14. e4 Nd7 15. h4 Nc7 16. h5 e5 17. Qe3 Nf6 18. Ng5 Nxh5 19. Bxh5 gxh5 20. Qg3 Kh8 21. Qh4 f6 22. Nh3 Qe8 23. f4 Qg6 24. fxe5 dxe5 25. Rf3 Bc8 26. Raf1 Bxh3 27. Rxh3 Rg8 28. Qxf6+ Rg7 29. Qf3 Rag8 30. Rf2 Qg4 31. Nf1 Qxf3 32. Rhxf3 Ne8 33. Rf5 Nd6 34. Rxe5 Nxc4 35. Rxh5 Re8 36. Re2 Ne5 37. Rf5 c4 38. Rc2 b5 39. d6 Rd7 40. Rd2 c3 41. Rd5 c2 42. Rc5 Nc4 0-1

[Event "Chessemy Open 2022"]
[Site "Reinstorf"]
[Date "2022.01.31"]
[Round "3.43"]
[White "Tiede, Andreas"]
[Black "Cordts, Elof"]
[Result "1-0"]
[WhiteElo "1982"]
[BlackElo "1676"]
[Annotator "ChessBase"]
[PlyCount "151"]
[EventDate "2022.01.29"]
[EventType "swiss"]
[EventCountry "GER"]
[SourceTitle "playchess.com"]
[Source "ChessBase"]
[SourceQuality "1"]

1. Nf3 d5 2. g3 Nf6 3. Bg2 Nc6 4. O-O e6 5. a3 Be7 6. b4 a6 7. Bb2 O-O 8. d3 Nd7 9. Nbd2 Bf6 10. Bxf6 Nxf6 11. c4 Re8 12. b5 Ne7 13. a4 c6 14. Qb3 Bd7 15. b6 Ng6 16. a5 e5 17. e4 dxc4 18. dxc4 h6 19. Rfd1 Qe7 20. Qc3 Rad8 21. h3 Bc8 22. Ne1 Rd7 23. Nb3 Red8 24. Rxd7 Rxd7 25. Nd3 Qd6 26. Ndc5 Rd8 27. Qc2 Nd7 28. Rd1 Qe7 29. Qd2 Ngf8 30. h4 Re8 31. Qd6 Qxd6 32. Rxd6 Nxc5 33. Nxc5 Ne6 34. Nxe6 fxe6 35. Bf3 Kf7 36. c5 Ke7 37. Be2 Rd8 38. Rxd8 Kxd8 39. h5 Ke7 40. Kh2 Kf6 41. Kh3 Bd7 42. Bxa6 Bc8 43. Be2 Kg5 44. Kg2 Kf6 45. Bc4 Ke7 46. Kf3 Kf6 47. Ke3 Ke7 48. f4 Kf6 49. Bf1 Ke7 50. fxe5 Kf7 51. Bh3 Ke7 52. Kf4 Kf7 53. g4 Ke7 54. g5 Kf7 55. Ke3 Ke7 56. Kd4 Kf7 57. Kc3 Ke7 58. Kb4 Kd8 59. Bf1 Bd7 60. a6 bxa6 61. Bxa6 Be8 62. Be2 Kc8 63. Ka5 Kb7 64. Ba6+ Kb8 65. Bc4 Bd7 66. Ka6 Be8 67. Bxe6 Bxh5 68. b7 Be8 69. Bh3 h5 70. e6 h4 71. e7 Bf7 72. Kb6 Be8 73. e5 Bf7 74. Kxc6 Be8+ 75. Kb6 Ba4 76. c6 1-0

[Event "Chessemy Open 2022"]
[Site "Reinstorf"]
[Date "2022.01.31"]
[Round "3.44"]
[White "Bauer, Dieter"]
[Black "Poschadel, Andreas Gregor"]
[Result "1/2-1/2"]
[WhiteElo "1670"]
[BlackElo "1981"]
[Annotator "ChessBase"]
[PlyCount "71"]
[EventDate "2022.01.29"]
[EventType "swiss"]
[EventCountry "GER"]
[SourceTitle "playchess.com"]
[Source "ChessBase"]
[SourceQuality "1"]

1. c4 e6 2. Nf3 Nf6 3. g3 d5 4. b3 d4 5. Bg2 c5 6. d3 Nc6 7. e3 Bd6 8. O-O O-O 9. exd4 cxd4 10. Re1 Re8 11. Bg5 h6 12. Bxf6 Qxf6 13. Nbd2 Qd8 14. a3 a5 15. Ne4 Bf8 16. Qc1 f5 17. Ned2 Bc5 18. Ne5 Nxe5 19. Rxe5 Bd6 20. Nf3 Bd7 21. Re2 e5 22. c5 Bc7 23. Nd2 Bc6 24. Bxc6 bxc6 25. Qc4+ Qd5 26. Rae1 Rad8 27. f4 Qxc4 28. bxc4 e4 29. dxe4 d3 30. Re3 fxe4 31. Rxe4 Rxe4 32. Rxe4 a4 33. Kf2 Ba5 34. Ke3 Kf7 35. f5 Bc3 36. Re6 1/2-1/2

[Event "Chessemy Open 2022"]
[Site "Reinstorf"]
[Date "2022.01.31"]
[Round "3.45"]
[White "Riering, Berthold"]
[Black "Schomann, Michael"]
[Result "1-0"]
[WhiteElo "1971"]
[BlackElo "1668"]
[Annotator "ChessBase"]
[PlyCount "71"]
[EventDate "2022.01.29"]
[EventType "swiss"]
[EventCountry "GER"]
[SourceTitle "playchess.com"]
[Source "ChessBase"]
[SourceQuality "1"]

1. e4 c5 2. d3 d6 3. f4 g6 4. Nf3 Nc6 5. c3 Bg7 6. Be2 e6 7. O-O Nge7 8. Be3 O-O 9. Na3 a6 10. Nc2 b5 11. d4 cxd4 12. Ncxd4 e5 13. Nxc6 Nxc6 14. Qd2 Qc7 15. Bd1 exf4 16. Bxf4 Ne5 17. Bb3 Nxf3+ 18. Rxf3 Be5 19. Bh6 Bg7 20. Bxg7 Kxg7 21. Qd4+ Kg8 22. Raf1 Be6 23. Bxe6 fxe6 24. Rxf8+ Rxf8 25. Rxf8+ Kxf8 26. Qh8+ Ke7 27. Qxh7+ Kd8 28. Qxc7+ Kxc7 29. h4 Kd7 30. Kf2 Ke7 31. Kf3 Kf6 32. Kf4 d5 33. exd5 exd5 34. g4 a5 35. h5 gxh5 36. gxh5 1-0

[Event "Chessemy Open 2022"]
[Site "Reinstorf"]
[Date "2022.01.31"]
[Round "3.46"]
[White "Wraga, Hermann"]
[Black "Schell, Franz Juergen"]
[Result "0-1"]
[WhiteElo "1674"]
[BlackElo "1969"]
[Annotator "NA"]
[PlyCount "52"]
[EventDate "2022.01.29"]
[EventType "swiss"]
[EventCountry "GER"]
[SourceTitle "playchess.com"]
[Source "ChessBase"]
[SourceQuality "1"]

1. e4 c5 2. Nc3 e6 3. g3 Nc6 4. Bg2 Nf6 5. f4 d5 6. e5 Ng8 7. Nf3 Nge7 8. d3 Nf5 9. O-O h5 10. Ne2 Bd7 11. c3 Be7 12. d4 Qb6 13. Bh3 cxd4 14. cxd4 O-O-O 15. Rb1 g6 16. Re1 Kb8 17. a3 Rc8 18. Qd3 Na5 19. b3 Bb5 20. Qd1 Rc7 21. Bf1 Rhc8 22. Kh1 Ba4 23. Qd3 Bxb3 24. Nd2 Bc2 25. Rxb6 Bxd3 26. Rb2 Bxe2 0-1

[Event "Chessemy Open 2022"]
[Site "Reinstorf"]
[Date "2022.01.31"]
[Round "3.47"]
[White "Nemitz, Alfred"]
[Black "Zschiesing, Falk"]
[Result "1/2-1/2"]
[WhiteElo "1655"]
[BlackElo "1961"]
[Annotator "NA"]
[PlyCount "79"]
[EventDate "2022.01.29"]
[EventType "swiss"]
[EventCountry "GER"]
[SourceTitle "playchess.com"]
[Source "ChessBase"]
[SourceQuality "1"]

1. d4 Nf6 2. c4 e6 3. Nc3 Bb4 4. Qc2 O-O 5. Nf3 d5 6. cxd5 exd5 7. Bg5 h6 8. Bh4 c5 9. a3 Bxc3+ 10. Qxc3 g5 11. Nxg5 hxg5 12. Bxg5 Ne4 13. Bxd8 Nxc3 14. Be7 Re8 15. Bxc5 Ne4 16. Rc1 Nc6 17. e3 Nxc5 18. Rxc5 Be6 19. Bb5 Rec8 20. Bxc6 Rxc6 21. Rxc6 bxc6 22. Kd2 Rb8 23. Kc3 Kg7 24. f3 a5 25. b4 a4 26. Kd3 Bc8 27. e4 Kf6 28. e5+ Kg6 29. h4 f5 30. Ke3 Kh5 31. Kf4 Bd7 32. g3 Kg6 33. Re1 Kf7 34. Rc1 Ke7 35. Rc5 Rh8 36. Ra5 Rc8 37. Rc5 Rb8 38. Rc2 Rh8 39. Rh2 Be8 40. Rc2 1/2-1/2

[Event "Chessemy Open 2022"]
[Site "Reinstorf"]
[Date "2022.01.31"]
[Round "3.49"]
[White "Wetterling, Manfred"]
[Black "Goh, Choon Keng Philip"]
[Result "0-1"]
[WhiteElo "1619"]
[BlackElo "1960"]
[Annotator "ChessBase"]
[PlyCount "36"]
[EventDate "2022.01.29"]
[EventType "swiss"]
[EventCountry "GER"]
[SourceTitle "playchess.com"]
[Source "ChessBase"]
[SourceQuality "1"]

1. e4 c5 2. Nf3 d6 3. d4 cxd4 4. Nxd4 Nf6 5. Nc3 Nc6 6. Bg5 e6 7. Qd2 a6 8. O-O-O Bd7 9. f4 Be7 10. Be2 b5 11. Bxb5 axb5 12. Ncxb5 Nxd4 13. Nxd6+ Bxd6 14. Bxf6 Qxf6 15. e5 Qxf4 16. Qxf4 Ne2+ 17. Kb1 Nxf4 18. Rxd6 Ng6 0-1

[Event "Chessemy Open 2022"]
[Site "Reinstorf"]
[Date "2022.01.31"]
[Round "3.50"]
[White "Nyenhuis, Yannek"]
[Black "Fernandez Garcia, Alfonso Javier"]
[Result "1-0"]
[WhiteElo "1956"]
[BlackElo "1619"]
[Annotator "ChessBase"]
[PlyCount "90"]
[EventDate "2022.01.29"]
[EventType "swiss"]
[EventCountry "GER"]
[SourceTitle "playchess.com"]
[Source "ChessBase"]
[SourceQuality "1"]

1. e4 e6 2. d4 d5 3. Nc3 dxe4 4. Nxe4 Nd7 5. Bd3 Ngf6 6. Qe2 Nxe4 7. Bxe4 Bd6 8. Nf3 O-O 9. Bd2 Nf6 10. Bd3 c5 11. dxc5 Bxc5 12. O-O h6 13. Rad1 Qc7 14. Bc3 Be7 15. Rfe1 Bd7 16. Ne5 Be8 17. Ng4 Qf4 18. Nxf6+ gxf6 19. g3 Qg5 20. Bd2 Qg7 21. Qh5 f5 22. Bxh6 Qh8 23. Bxf5 Bf6 24. Qg4+ Bg7 25. Qxg7+ Qxg7 26. Bxg7 Kxg7 27. Be4 Rb8 28. Rd6 Bb5 29. b3 Rfc8 30. c4 Be8 31. h4 Rc5 32. Red1 b5 33. Rd8 Rcc8 34. Rxc8 Rxc8 35. cxb5 Bxb5 36. a4 Be2 37. Re1 Ba6 38. b4 Rc7 39. b5 Bc8 40. Bc6 a5 41. f4 f6 42. Kf2 f5 43. Ke3 Kf6 44. Kd4 Rg7 45. Re3 Rc7 1-0

[Event "Chessemy Open 2022"]
[Site "Reinstorf"]
[Date "2022.02.01"]
[Round "4.1"]
[White "Peist, Juergen"]
[Black "Van den Doel, Erik"]
[Result "0-1"]
[WhiteElo "2351"]
[BlackElo "2591"]
[Annotator "TA"]
[PlyCount "90"]
[EventDate "2022.01.29"]
[EventType "swiss"]
[EventCountry "GER"]
[SourceTitle "playchess.com"]
[Source "ChessBase"]
[SourceQuality "1"]

1. d4 d5 2. c4 c6 3. Nc3 Nf6 4. e3 e6 5. Nf3 Nbd7 6. Qc2 Bd6 7. Be2 O-O 8. O-O dxc4 9. a4 c5 10. dxc5 Bxc5 11. Rd1 Qc7 12. Nb5 Qb8 13. Qxc4 a6 14. Nbd4 Bd6 15. h3 Nb6 16. Qc2 Bd7 17. a5 Rc8 18. Qb1 Nbd5 19. e4 Nb4 20. Bd2 Nc6 21. Bc3 Ne5 22. Nd2 Bc5 23. Bf1 Qc7 24. Qa2 Ng6 25. Re1 e5 26. Nf5 Be6 27. Qa4 Rd8 28. Rac1 Rac8 29. g3 h6 30. Bg2 Qb8 31. Bb4 Qa7 32. Bxc5 Rxc5 33. Nf3 Rb5 34. Re2 Qb8 35. b4 Bxf5 36. exf5 Ne7 37. Rc5 Rxc5 38. bxc5 Nc6 39. Rd2 e4 40. Rxd8+ Qxd8 41. Nh2 Qxa5 42. Qc2 Qe1+ 43. Bf1 Nd4 44. Qb2 e3 45. Kg2 Qd2 0-1

[Event "Chessemy Open 2022"]
[Site "Reinstorf"]
[Date "2022.02.01"]
[Round "4.1"]
[White "Rennkamp, David"]
[Black "Andre, Wolfgang"]
[Result "0-1"]
[WhiteElo "1496"]
[BlackElo "2142"]
[Annotator "TA"]
[PlyCount "44"]
[EventDate "2022.01.29"]
[EventType "swiss"]
[EventCountry "GER"]
[SourceTitle "playchess.com"]
[Source "ChessBase"]
[SourceQuality "1"]

1. e4 e5 2. Nf3 Nc6 3. Bc4 Nf6 4. d3 Bc5 5. O-O O-O 6. c3 d6 7. b4 Bb6 8. a4 a5 9. b5 Ne7 10. Be3 c6 11. Bxb6 Qxb6 12. Nbd2 d5 13. exd5 cxd5 14. Ba2 Ng6 15. Re1 Re8 16. Qb3 Bf5 17. c4 Ng4 18. Rf1 Nf4 19. cxd5 Bxd3 20. d6 Bxf1 21. Qxf7+ Kh8 22. Rxf1 Ne2+ 0-1

[Event "Chessemy Open 2022"]
[Site "Reinstorf"]
[Date "2022.02.01"]
[Round "4.2"]
[White "Zaragatski, Ilja"]
[Black "Reichmann, Hendrik"]
[Result "1-0"]
[WhiteElo "2509"]
[BlackElo "2345"]
[Annotator "TA"]
[PlyCount "77"]
[EventDate "2022.01.29"]
[EventType "swiss"]
[EventCountry "GER"]
[SourceTitle "playchess.com"]
[Source "ChessBase"]
[SourceQuality "1"]

1. d4 Nf6 2. Nc3 d5 3. Bf4 Bf5 4. f3 e6 5. g4 Bg6 6. h4 h5 7. g5 Ng8 8. e4 Bb4 9. Bd3 Ne7 10. Nge2 c5 11. dxc5 Nbc6 12. exd5 exd5 13. Bxg6 fxg6 14. Bd6 b6 15. Bxe7 Nxe7 16. Qd4 bxc5 17. Qxg7 Rg8 18. Qe5 Qb8 19. Qxb8+ Rxb8 20. O-O-O Rd8 21. Nf4 Bxc3 22. bxc3 Kf7 23. Rhe1 Rd6 24. Nxd5 Nxd5 25. c4 Rgd8 26. Rxd5 Rxd5 27. cxd5 Rxd5 28. Re4 Rf5 29. f4 Rd5 30. Ra4 Ke6 31. Rxa7 Kf5 32. Rf7+ Kg4 33. Rf6 Rd4 34. Rxg6 Kxf4 35. Rh6 Kg4 36. g6 Kxh4 37. g7 Rg4 38. Rh7 Kg3 39. a4 1-0

[Event "Chessemy Open 2022"]
[Site "Reinstorf"]
[Date "2022.02.01"]
[Round "4.3"]
[White "Schulze, Lara"]
[Black "Lubbe, Nikolas"]
[Result "0-1"]
[WhiteElo "2282"]
[BlackElo "2433"]
[Annotator "TA"]
[PlyCount "66"]
[EventDate "2022.01.29"]
[EventType "swiss"]
[EventCountry "GER"]
[SourceTitle "playchess.com"]
[Source "ChessBase"]
[SourceQuality "1"]

1. e4 c6 2. d4 d5 3. e5 Bf5 4. Nd2 e6 5. Nb3 Nd7 6. Nf3 h6 7. Be2 Ne7 8. O-O g5 9. a4 Qc7 10. Bd2 Ng6 11. Ne1 Nf4 12. Bxf4 gxf4 13. Bd3 Bxd3 14. Nxd3 c5 15. Nxf4 cxd4 16. Re1 Bg7 17. Nxd4 O-O 18. Ra3 Bxe5 19. Nxd5 exd5 20. Nf5 Rfe8 21. g3 Bxb2 22. Rxe8+ Rxe8 23. Qg4+ Kf8 24. Qb4+ Qc5 25. Qxb2 d4 26. Qxd4 Re1+ 27. Kg2 Qxf5 28. Rd3 Nf6 29. Qb4+ Re7 30. Rf3 Qe4 31. Qc3 Re6 32. Kf1 Kg7 33. g4 Rc6 0-1

[Event "Chessemy Open 2022"]
[Site "Reinstorf"]
[Date "2022.02.01"]
[Round "4.3"]
[White "Ponomarev, Maximilian"]
[Black "Wetterling, Manfred"]
[Result "1-0"]
[WhiteElo "2003"]
[BlackElo "1619"]
[Annotator "TA"]
[PlyCount "57"]
[EventDate "2022.01.29"]
[EventType "swiss"]
[EventCountry "GER"]
[SourceTitle "playchess.com"]
[Source "ChessBase"]
[SourceQuality "1"]

1. e4 c5 2. Nf3 e6 3. d4 cxd4 4. Nxd4 Nf6 5. Nc3 Nc6 6. Ndb5 Bb4 7. a3 Bxc3+ 8. Nxc3 d5 9. exd5 exd5 10. Bd3 d4 11. Ne2 O-O 12. O-O h6 13. h3 Be6 14. Bf4 Qb6 15. Qd2 Rfe8 16. Ng3 Bd5 17. Rfe1 Qxb2 18. Bxh6 Rxe1+ 19. Rxe1 Qc3 20. Rb1 Qxd2 21. Bxd2 b6 22. Bg5 Nd7 23. Re1 f6 24. Bc1 Nde5 25. Bb5 Kf7 26. f4 Nc4 27. Nf5 N4a5 28. Bd2 Nc4 29. Bxc4 1-0

[Event "Chessemy Open 2022"]
[Site "Reinstorf"]
[Date "2022.02.01"]
[Round "4.4"]
[White "Mis, Mieszko"]
[Black "Ewert, Hannes"]
[Result "1-0"]
[WhiteElo "2417"]
[BlackElo "2274"]
[Annotator "TA"]
[PlyCount "81"]
[EventDate "2022.01.29"]
[EventType "swiss"]
[EventCountry "GER"]
[SourceTitle "playchess.com"]
[Source "ChessBase"]
[SourceQuality "1"]

1. d4 Nf6 2. c4 e6 3. Nf3 b6 4. g3 Bb4+ 5. Bd2 Be7 6. Nc3 c6 7. e4 d5 8. cxd5 cxd5 9. Bb5+ Bd7 10. e5 Ne4 11. Bd3 Nxd2 12. Qxd2 Nc6 13. O-O O-O 14. Ne2 Rc8 15. h4 Nb4 16. Bb1 Bb5 17. Kg2 Qd7 18. Rh1 Bxe2 19. Qxe2 Qa4 20. b3 Qa6 21. Qd2 Qa3 22. Qe2 Qa6 23. Qd1 Qa3 24. Bxh7+ Kxh7 25. Ng5+ Kh6 26. Qg4 f5 27. exf6 Bxf6 28. Nxe6 Qb2 29. Rae1 Kh7 30. Re2 Qc3 31. a3 Nd3 32. Rd1 Nc1 33. Nxf8+ Rxf8 34. Qh5+ Kg8 35. Qxd5+ Kh8 36. Re8 Rxe8 37. Qh5+ Kg8 38. Qxe8+ Kh7 39. Re1 Kh6 40. h5 Qc2 41. Rxc1 1-0

[Event "Chessemy Open 2022"]
[Site "Reinstorf"]
[Date "2022.02.01"]
[Round "4.4"]
[White "Fernandez Garcia, Alfonso Javier"]
[Black "Schmidt, Theo"]
[Result "1/2-1/2"]
[WhiteElo "1619"]
[BlackElo "1997"]
[Annotator "RC"]
[PlyCount "41"]
[EventDate "2022.01.29"]
[EventType "swiss"]
[EventCountry "GER"]
[SourceTitle "playchess.com"]
[Source "ChessBase"]
[SourceQuality "1"]

1. e4 c5 2. Nf3 d6 3. Bd3 Nc6 4. c3 g6 5. O-O Bg7 6. Re1 e5 7. Bc2 Nge7 8. d3 O-O 9. Bg5 f6 10. Be3 Be6 11. Nbd2 b6 12. Nf1 d5 13. d4 c4 14. Ng3 Qd7 15. Qe2 f5 16. exf5 gxf5 17. Nh5 f4 18. Nxg7 Kxg7 19. Bd2 e4 20. Ng5 Ng6 21. Qh5 1/2-1/2

[Event "Chessemy Open 2022"]
[Site "Reinstorf"]
[Date "2022.02.01"]
[Round "4.5"]
[White "Koellner, Aaron Noah"]
[Black "Gschnitzer, Adrian"]
[Result "1/2-1/2"]
[WhiteElo "2155"]
[BlackElo "2403"]
[Annotator "TA"]
[PlyCount "115"]
[EventDate "2022.01.29"]
[EventType "swiss"]
[EventCountry "GER"]
[SourceTitle "playchess.com"]
[Source "ChessBase"]
[SourceQuality "1"]

1. d4 Nf6 2. Nf3 d5 3. e3 e6 4. Nbd2 b6 5. b3 Bb7 6. Bd3 Bd6 7. Bb2 O-O 8. O-O c5 9. Ne5 Nbd7 10. f4 Ne4 11. Bxe4 dxe4 12. Ndc4 Be7 13. Nxd7 Qxd7 14. dxc5 Qxd1 15. Rfxd1 Bxc5 16. Bd4 Be7 17. Be5 Rfd8 18. Kf2 Rac8 19. Rxd8+ Rxd8 20. Bd4 f6 21. Ke1 Rd5 22. Rd1 Ba6 23. Nd2 Rh5 24. c4 Rxh2 25. Kf2 f5 26. Nf1 Rh6 27. Be5 Bc8 28. Bb8 a6 29. Bc7 b5 30. Be5 b4 31. c5 Kf7 32. c6 g5 33. c7 Rg6 34. Rd8 Rg8 35. Rxg8 Kxg8 36. Nd2 gxf4 37. Bxf4 Kf7 38. Nc4 Bc5 39. Bd6 Ba7 40. Bxb4 Ke8 41. Bd6 Kd7 42. Bf4 Bb7 43. Ke2 Bd5 44. Nd6 Kxc7 45. Nxf5+ Kc6 46. Ng3 Bc5 47. Kd2 Be7 48. Be5 Kb5 49. Kc3 Bc5 50. Bf4 a5 51. Nh5 Be7 52. g4 a4 53. Be5 Bg5 54. bxa4+ Kxa4 55. Kd4 Bxa2 56. Bf6 e5+ 57. Bxe5 Be6 58. Nf6 1/2-1/2

[Event "Chessemy Open 2022"]
[Site "Reinstorf"]
[Date "2022.02.01"]
[Round "4.5"]
[White "Albers, Andreas"]
[Black "Rennkamp, Johannes"]
[Result "1-0"]
[WhiteElo "1968"]
[BlackElo "1608"]
[Annotator "ChessBase"]
[PlyCount "61"]
[EventDate "2022.01.29"]
[EventType "swiss"]
[EventCountry "GER"]
[SourceTitle "playchess.com"]
[Source "ChessBase"]
[SourceQuality "1"]

1. e4 c5 2. Nc3 Nc6 3. Bb5 g6 4. f4 Bg7 5. Nf3 a6 6. Bxc6 bxc6 7. O-O d6 8. Qe1 Bb7 9. d3 Qb6 10. Kh1 d5 11. e5 e6 12. b3 Nh6 13. Na4 Qa7 14. Ba3 Bf8 15. Qc3 c4 16. Bxf8 Rxf8 17. dxc4 Ng4 18. c5 a5 19. Nd4 Rc8 20. Rf3 Ke7 21. h3 Nh6 22. g4 Qa6 23. Re1 Rg8 24. Qd2 Rcf8 25. f5 g5 26. Nb6 exf5 27. gxf5 g4 28. Qxh6 Rg6 29. fxg6 gxf3 30. g7 Rd8 31. Nf5+ 1-0

[Event "Chessemy Open 2022"]
[Site "Reinstorf"]
[Date "2022.02.01"]
[Round "4.6"]
[White "Redzisz, Michal"]
[Black "Kozak, Adam"]
[Result "0-1"]
[WhiteElo "2261"]
[BlackElo "2526"]
[Annotator "TA"]
[PlyCount "66"]
[EventDate "2022.01.29"]
[EventType "swiss"]
[EventCountry "GER"]
[SourceTitle "playchess.com"]
[Source "ChessBase"]
[SourceQuality "1"]

1. d4 Nf6 2. c4 e6 3. Nc3 Bb4 4. e3 O-O 5. Nge2 c6 6. a3 Ba5 7. Qc2 d5 8. Ng3 Nbd7 9. cxd5 exd5 10. Bd3 Bc7 11. O-O Re8 12. f3 c5 13. Qf2 b6 14. Bd2 Nf8 15. Rad1 Ng6 16. Bc1 Be6 17. Bb5 Re7 18. e4 cxd4 19. exd5 Nxd5 20. Rxd4 Be5 21. Rxd5 Bxd5 22. Rd1 Bxc3 23. bxc3 a6 24. c4 axb5 25. cxd5 Rd7 26. Qd2 Qe7 27. Bb2 Rad8 28. Nf5 Qc5+ 29. Bd4 Rxd5 30. Qe3 Rxf5 31. Bxc5 Rxd1+ 32. Kf2 Rxc5 33. h4 h5 0-1

[Event "Chessemy Open 2022"]
[Site "Reinstorf"]
[Date "2022.02.01"]
[Round "4.6"]
[White "Wraga, Teresa"]
[Black "Reuter, Maximilian"]
[Result "0-1"]
[WhiteElo "1562"]
[BlackElo "1933"]
[Annotator "ChessBase"]
[PlyCount "113"]
[EventDate "2022.01.29"]
[EventType "swiss"]
[EventCountry "GER"]
[SourceTitle "playchess.com"]
[Source "ChessBase"]
[SourceQuality "1"]

1. e4 e6 2. d3 d5 3. Nd2 Nf6 4. g3 Nc6 5. Bg2 dxe4 6. dxe4 e5 7. Ngf3 Bc5 8. O-O O-O 9. Qe2 a5 10. a4 b6 11. Nb3 Ba6 12. c4 Nd7 13. Nxc5 Nxc5 14. Bd2 Nd4 15. Nxd4 Qxd4 16. Bc3 Qxc4 17. Qg4 f6 18. Rfe1 Qe6 19. Qxe6+ Nxe6 20. b3 Rad8 21. Rad1 c5 22. Bf1 Bxf1 23. Rxf1 Nd4 24. Bxd4 Rxd4 25. Rxd4 exd4 26. Rd1 Kf7 27. f3 Ke6 28. Kf2 Kd6 29. f4 Re8 30. Kf3 Kc6 31. Rd3 b5 32. axb5+ Kxb5 33. g4 a4 34. bxa4+ Kxa4 35. Rd2 Kb3 36. Rd3+ Kc2 37. Ra3 Rb8 38. Ke2 c4 39. e5 d3+ 40. Ke3 Rb1 41. Ra2+ Rb2 42. Rxb2+ Kxb2 43. e6 d2 44. Kxd2 c3+ 45. Kd3 c2 46. e7 c1=Q 47. e8=Q Qd1+ 48. Kc4 Qb3+ 49. Kd4 Qb4+ 50. Kd5 Qxf4 51. Qb5+ Kc3 52. Qc5+ Kd3 53. Qb5+ Ke3 54. Qc5+ Kf3 55. Qc3+ Kxg4 56. Qc2 Qf5+ 57. Kd4 0-1